00436 2200181 4500001002100000005001500021008004100036020001800077035001900095041000700114082000800121090001400129100001800143245002000161260003200181300001900213650002200232INLIS00000000000523120241224113048241224||||||||| | ||| |||| || |  a979-20-5265-8 0010-1224005231 aid0 a813 a813 SET K0 aKOEN SETYAWAN00aKELUARGA MUSANG bElex Media Komputindoc2004 a30 HLM,;20,5CM 0aIlmu Kesusastraan